Universidad, autonomía y democracia en la sociedad del conocimiento /
La universidad contemporánea vive un intenso proceso de cambio como resultado de las transformaciones económicas y políticas ocurridas con el surgimiento del denominado mundo del conocimiento, de los avances alcanzados con su propio desenvolvimiento y de las crecientes demandas originadas en la soci...
সংরক্ষণ করুন:
| প্রধান লেখক: | |
|---|---|
| বিন্যাস: | পাঠ্য |
| বিষয়গুলি: | |
| ট্যাগগুলো: |
ট্যাগ যুক্ত করুন
কোনো ট্যাগ নেই, প্রথমজন হিসাবে ট্যাগ করুন!
|
MARC
| LEADER | 00000 a a2200000 04500 | ||
|---|---|---|---|
| 001 | 44055 | ||
| 003 | |||
| 040 | |||
| 090 | |a REV0229 (157) 2011 | ||
| 100 | |a Mora Alfaro, Jorge | ||
| 245 | |a Universidad, autonomía y democracia en la sociedad del conocimiento / |c Jorge Mora Alfaro | ||
| 246 | |i Título monográfico: |a Nuevos rumbos de la educación superior en América Latina: |b bien público, autonomía e internacionalización | ||
| 520 | |a La universidad contemporánea vive un intenso proceso de cambio como resultado de las transformaciones económicas y políticas ocurridas con el surgimiento del denominado mundo del conocimiento, de los avances alcanzados con su propio desenvolvimiento y de las crecientes demandas originadas en la sociedad. Las tendencias predominantes en el desarrollo de las naciones latinoamericanas modifican las formas tradicionales de vinculación con el sistema político y con los diversos actores sociales, lo cual afecta la continuidad del acuerdo tácito aún prevaleciente entre Estado y universidad. La rendición de cuentas, la evaluación externa y el aseguramiento de la calidad adquieren un lugar preponderante en la vida de los complejos sistemas de educación superior del presente. En este contexto de transformación y de surgimiento de nuevas tensiones, adquiere enorme relevancia la autonomía universitaria y se vuelve ineludible retomar la visión de los forjadores, cuyos pensamientos marcaron el rumbo de la moderna educación superior en América Latina y el Caribe. | ||
| 590 | |a RRA/OCTUBRE2012 | ||
| 650 | |a 1. ENSEÑANZA SUPERIOR | ||
| 650 | |a 2. UNIVERSIDADES | ||
| 650 | |a 3. CAMBIO SOCIAL | ||
| 650 | |a 4. CAMBIO ECONOMICO | ||
| 650 | |a 5. AUTONOMIA | ||
| 650 | |a 6. FINES DE LA EDUCACION | ||
| 650 | |a 7. COSTA RICA | ||
| 650 | |a 8. AMERICA LATINA | ||
| 773 | |g número157 ( , 2011), páginas 7-60 | ||
| 999 | |c 28446 |d 28446 | ||
